• 首页
  • 本馆介绍
  • 公告通知
  • 最新文献
  • 馆藏检索
  • 电子资源
  • 读者荐购
  • 参考咨询
  • CALIS
  • 我的图书馆
  • 登录
  • 详细信息显示
  • 放入我的书架
  • 预约/预借图书
  • 作者相关作品
  • 分类相关作品
  • 丛书相关作品
  • 出版社相关作品

书目信息

  • 表格格式
  • 工作单格式
  • 卡片格式
题名:
2008中国建筑表现集成
    
 
作者: 李壮 主编
分册: 3  
出版信息: 天津   天津大学出版社  2008.02
页数: 292页
开本: 28cm
丛书名:
单 册:
中图分类: TU206
科图分类:
主题词: 建设设计--jian she she ji--中国--现代--作品集
电子资源:
ISBN: 978-7-5618-2619-5
 
 
 
 
 
000 00995nam0 2200265 450
001 012008290187
005 20080419180911.92
010    @a978-7-5618-2619-5@dCNY249.00
100    @a20080419d2008 em y0chiy0120 ea
101 0  @achi
102    @aCN@b120000
105    @aa z 000yy
106    @ar
200 1  @a2008中国建筑表现集成@A2008 zhong guo jian zhu biao xian ji cheng@d= Collections of architectural rendering in China@h3@zeng
210    @a天津@c天津大学出版社@d2008.02
215    @a292页@c图@d28cm
314    @a责任者取自版权页
330    @a本书是2008中国建筑表现集成3,内容丰富,图文并茂。内容包括:规划设计/城市规划,规划设计/居住区规划,景观设计等。
510 1  @aCollections of architectural rendering in China@zeng
517 1  @a中国建筑表现集成@Azhong guo jian zhu biao xian ji cheng
606 0  @a建设设计@Ajian she she ji@y中国@z现代@j作品集
690    @aTU206@v4
701  0 @a李壮@Ali zhuang@4主编
801  0 @aCN@bQSSK@c20080419
905    @b295087@dTU206@eL342:3@f1
    
    2008中国建筑表现集成= Collections of architectural rendering in China.3.-天津:天津大学出版社,2008.02
    292页:图;28cm
    
    
    ISBN 978-7-5618-2619-5:CNY249.00
    本书是2008中国建筑表现集成3,内容丰富,图文并茂。内容包括:规划设计/城市规划,规划设计/居住区规划,景观设计等。
●
相关链接 在E读中查询图书 在当当中查询图书 在豆瓣中查询图书


正题名:2008中国建筑表现集成     索取号:TU206/L342:3         预约/预借

序号 登录号 条形码 馆藏地/架位号 状态 备注
1 295087   202950878   建筑库101/101建筑库 41排7列5层/ [索取号:TU206/L342:3] 在馆    
河南城建学院图书馆 欢迎您!
大连网信软件有限公司© 版权所有